000
00226nam a22000857a 4500
008
160715b xxu||||| |||| 00| 0 eng d
100
_9
2916
_a
Venter, F
245
_a
Man from Cyrene
260
_a
Philadelphia
_b
Muhlenberg Press
_c
1962
999
_c
2481
_d
2481